000 00602nam a2200205 a 4500
001 000025921
005 20240412074252.0
008 110224s2006 dr 000 0 spa d
020 _a9945160060
040 _aDO-SdBNP
_bspa
_cBNPHU
082 _aRD861.44
_bM385i
100 1 _aMartínez, Eddy
_d1964-
_952779
245 1 0 _aIgual o nada /
_cEddy Martínez.
260 _aSanto Domingo :
_bEditora Búho,
_c2006.
300 _a40 p. ;
_c22 cm.
500 _aIncluye datos biográficos del autor en salapa
650 0 _aPoesía dominicana
_966
650 0 _aLiteratura dominicana.
_967
049 _aBNPD
999 _c25413
_d25413